000
00180nam a2200073Ia 4500
008
170817s9999 xx 000 0 und d
100
_a
JHA PRAVEEN KUMAR
245
0
_a
EDUCATING HUMAN RIGHTS
260
_b
H.P.BHARGAV
999
_c
36423
_d
36423